书目信息 |
| 书名: | An encyclopedic dictionary of Marxism, socialism and communism | |
| 作者: | J. Wilczynski. | |
| 分册号: | ||
| 分册名: | 出版地: | London : |
|
| 出版社: | Macmillan | |
| 出版时间: | 1981. | |
| 页数: | 660 p. ; | |
| 开本: | 24 cm. | |
| 丛书名: | ||
| 中图分类号: | ||
| 科图分类号: | ||
| 其他分类号: | D0-61 | |
| 主题词: | ||
| 电子资源: | ||
| 000 | 00792nam 2200217Ia 4500 | |
| 001 | E0731786909 | |
| 005 | 20070302085021.01 | |
| 008 | 021230s1981 enk 000 0 eng d | |
| 020 | @a0333306899. | |
| 020 | @a0333378695. | |
| 035 | @a2832319 | |
| 040 | @aCUZ@cCUZ@dOSU | |
| 090 | @aF010.42/W1 | |
| 090 | @aD0-61 | |
| 099 | @dD0-61@ex1 | |
| 100 | 1 | @aWilczynski, J.@q(Jozef),@d1922- |
| 245 | 13 | @aAn encyclopedic dictionary of Marxism, socialism and communism :@beconomic, philosophical, political and sociological theories, concepts, institutions and practices--classical and modern, East-West relations included / @cJ. Wilczynski. |
| 260 | @aLondon :@bMacmillan,@c1981. | |
| 300 | @a660 p. ;@c24 cm. | |
| 650 | 0 | @aCommunism@vDictionaries. |
| 650 | 0 | @aSocialism@vDictionaries. |
| An encyclopedic dictionary of Marxism, socialism and communism : : economic, philosophical, political and sociological theories, concepts, institutions and practices--classical and modern, East-West relations included / / J. Wilczynski.-London : : Macmillan, , 1981. |
| 660 p. ; ; 24 cm. |
| ISBN 0333306899. |
| ● |
| 相关链接 |
|
|
|
|
正题名:encyclopedic dictionary of Marxism, socialism and communism
索取号:D0-61/x1
 
预约/预借
| 序号 | 登录号 | 条形码 | 馆藏地/架位号 | 状态 | 备注 |
| 1 | 182789 | 001169434 | 第四借阅区/ [索取号:D0-61/x1] | 在馆 | |
| 2 | 182790 | 001169452 | 第四借阅区/ [索取号:D0-61/x1] | 在馆 | |
| 3 | 182791 | 001169407 | 第四借阅区/ [索取号:D0-61/x1] | 在馆 |